| 000 | 00370cam a2200133ua 4500 | ||
|---|---|---|---|
| 003 | OSt | ||
| 008 | 250813b |||||||| |||| 00| 0 eng d | ||
| 020 | _a81 85068 43 7 | ||
| 082 | _a627.5 ICI/FI | ||
| 245 | _aFifteenth congress on irrigation and drainage, The Hague ,Netherlands vol-1-J | ||
| 260 |
_a : _bICID and CIID , _c1993. |
||
| 300 | _a111 ; . | ||
| 942 | _cREF | ||
| 999 |
_c5671 _d5671 |
||